| 000 | 00843nam a2200277 a 4500 | ||
|---|---|---|---|
| 001 | 35899 | ||
| 003 | BD-RjUL | ||
| 005 | 20211209052410.0 | ||
| 008 | 140611s1970 njua b 00110 eng | ||
| 020 | _a0135970474 (pbk.) | ||
| 035 | _a(BD-RjUL)35995 | ||
| 035 | _a(BD-RjUL) | ||
| 040 |
_dBD-RjUL _aXCC _beng _cXCC |
||
| 041 | _aeng | ||
| 082 | 0 |
_a320 _219 _bDAM 1970 |
|
| 100 | 1 | 0 |
_aDahl, Robert A. _q(Robert Alan), _d1915- _9109309 |
| 245 | 1 |
_aModern political analysis / _cRobert A. Dahl. |
|
| 250 | _a2nd ed. | ||
| 260 | 0 |
_aEnglewood Cliffs, N.J. : _bPrentice-Hall, _cc1970. |
|
| 300 |
_aviii, 118 p. : _bill. ; _c23 cm. |
||
| 490 | 0 | _aFoundations of modern political science series | |
| 504 | _aIncludes bibliographical references and index. | ||
| 650 | 0 |
_aPolitical science. _9109310 |
|
| 942 |
_2ddc _cBK |
||
| 999 |
_c35899 _d35899 |
||